LEADER 01017nam2 2200349 450 001 990002972320203316 005 20070913131607.0 035 $a000297232 035 $aUSA01000297232 035 $a(ALEPH)000297232USA01 035 $a000297232 100 $a20070913d2004----km-y0itay50------ba 101 0 $aita 102 $aIT 105 $aa|||||||001yy 200 1 $aCelti d'Italia$fa cura di Paola Piana Agostinetti 210 $aRoma$cSpazio tre$d2004 215 $a2 v.$cill.$d25 cm 225 2 $aBiblioteca di storia patria 410 0$12001$aBiblioteca di storia patria 461 1$1001000131497$12001$aPopoli e civiltà dell'Italia antica 607 $aItalia$xStoria antica$zOrigini-Sec. 2. 676 $a937.01 702 1$aPIANA AGOSTINETTI,$bPaola 801 0$aIT$bsalbc$gISBD 912 $a990002972320203316 951 $aIX.5. 30/12 /$bL.M.$cIX.5. 959 $aBK 969 $aUMA 979 $aANNAMARIA$b90$c20070913$lUSA01$h1316 996 $aCelti d'Italia$984324 997 $aUNISA LEADER 01885nam 2200565 a 450 001 9910456120003321 005 20200520144314.0 010 $a0-585-41471-8 035 $a(CKB)111056486856554 035 $a(OCoLC)613372865 035 $a(CaPaEBR)ebrary10005707 035 $a(SSID)ssj0000157156 035 $a(PQKBManifestationID)11155873 035 $a(PQKBTitleCode)TC0000157156 035 $a(PQKBWorkID)10131528 035 $a(PQKB)11072405 035 $a(MiAaPQ)EBC3410336 035 $a(Au-PeEL)EBL3410336 035 $a(CaPaEBR)ebr10005707 035 $a(OCoLC)923424568 035 $a(EXLCZ)99111056486856554 100 $a20000412d2000 uy 0 101 0 $aeng 135 $aurcn||||||||| 181 $ctxt 182 $cc 183 $acr 200 10$aForging the tortilla curtain$b[electronic resource] $ecultural drift and change along the United States-Mexico border, from the Spanish era to the present /$fby Thomas Torrans 210 $aFort Worth $cTCU Press$dc2000 215 $a1 online resource (439 p.) 300 $aBibliographic Level Mode of Issuance: Monograph 311 $a0-87565-231-X 320 $aIncludes bibliographical references (p. 383-403) and index. 606 $aAcculturation$zMexican-American Border Region$xHistory 606 $aSocial change$zMexican-American Border Region$xHistory 607 $aMexican-American Border Region$xHistory 607 $aUnited States$xRelations$zMexico 607 $aMexico$xRelations$zUnited States 608 $aElectronic books. 615 0$aAcculturation$xHistory. 615 0$aSocial change$xHistory. 676 $a972/.1 700 $aTorrans$b Thomas$0926238 801 0$bMiAaPQ 801 1$bMiAaPQ 801 2$bMiAaPQ 906 $aBOOK 912 $a9910456120003321 996 $aForging the tortilla curtain$92079775 997 $aUNINA